Lyrics to 'Gale Song' by The Lumineers - Statistics

General Stats
  • This quiz has been taken 27 times
  • The average score is 148 of 169
Answer Stats
Answer % Correct
a
100%
I
100%
in
100%
it
100%
the
100%
there
100%
you
100%
your
100%
And
93%
But
93%
For
93%
for
93%
from
93%
go
93%
he
93%
hear
93%
It's
93%
it's
93%
let
93%
line
93%
long
93%
love
93%
my
93%
oh
93%
Oh
93%
on
93%
pass
93%
shall
93%
skin
93%
stood
93%
this
93%
This
93%
time
93%
to
93%
too
93%
was
93%
when
93%
When
93%
won't
93%
apart
87%
broken
87%
does
87%
fell
87%
heart
87%
his
87%
I'll
87%
just
87%
last
87%
loneliness
87%
same
87%
ten
87%
you're
87%
away
80%
don't
80%
know
80%
leave
80%
lonely
80%
looking
80%
miles
80%
mind
80%
name
80%
never
80%
place
80%
road
80%
saw
80%
say
80%
take
80%
then
80%
thousand
80%
voice
80%
wanna
80%
wasn't
80%
be
73%
blood
73%
can
73%
can't
73%
destiny
73%
fight
73%
fine
73%
pain
73%
pictures
73%
see
73%
So
73%
til
73%
tired
73%
vain
73%
what's
73%
With
73%
you'll
73%
You'll
73%
couldn't
67%
drains
67%
man
67%
wait
67%
big
60%
face
60%
give
60%
heard
60%
home
60%
May
60%
spring
60%
train
60%
No matching quizzes found
Score Distribution
Percent of People with Each Score
Percentile by Number Answered
Your Score History
You have not taken this quiz